000 00362nam a2200157Ia 4500
003 Ost
005 20260225132540.0
008 260225s9999||||xx |||||||||||||| ||und||
040 _cfsic
041 _afre
082 _a330.9
100 _aRicardo petrella
_eAuteur
245 0 _aEceuils de la mondialisation /
245 0 _cRicardo petrella
942 _cكتاب
999 _c33482
_d33482